000 00522nam a2200217Ia 4500
003 OSt
005 20220924135008.0
006 a|||||r|||| 00| 0
007 ta
008 220923b |||||||| |||| 00| 0 ben d
024 _a288179
037 _cTextual
040 _aARTS
_cARTS
_bben
041 _2ben
_aben
082 _aN82, 157G9
100 _aBahdhopadhyay
_9209642
245 0 _aBahubhasa geet
260 _c1939
942 _hN82, 157G9
_cTEXL
_2CC
999 _c439385
_d439385